Oberbegriffe - Statistiken

Allgemein
  • Dieses Quiz wurde 349 mal gespielt
  • Das Durchschnittsergebnis liegt bei 10 aus 14
Antwortstatistiken
Hint Antwort % Korrekt
Nil,Donau,Rhein,Amazonas Flüsse
98%
Jupiter,Mars,Uranus,Merkur Planeten
97%
Himalaya, Alpen,Hartz,Tatra Gebirge
96%
Deutschland,Norwegen,Kanada,Südafrika Länder
96%
Rubel,Yen,Franken,Won Währung
96%
VW,BMW, Audi, Porsche Automarken
93%
Sternennacht, Mona Lisa, Der Kuss, Guernica Gemälde
84%
Kuala Lumpur, Lima,Ottawa, Nairobi Hauptstädte
84%
Dumbledore, Malfoy, Lovegood, Snape Harry Potter
72%
Kim Jong-un, Xi Jinping, Miguel Díaz-Canel, Miguel Díaz-Canel Diktatoren
58%
Stranger Things, You, The Crown, Squid Game Netflix Serien
57%
Exo, Twice, Red Velvet, BTS Kpop
40%
Hannah Montana, Jessie, Shake it up, Jonas Disney
29%
Black Widow, Hawkeye, Ant-man, Ironman Marvelhelden
21%
Keine übereinstimmenden Quizze gefunden
Verteilung der Resultate
Anzahl Personen mit jedem Resultat
Perzentil nach korrekt beantworteten Fragen
Ihre Resultats-Entwicklung
Sie haben dieses Quiz noch nicht gespielt